| 000 | 00622nam a2200193Ia 4500 | ||
|---|---|---|---|
| 005 | 20250508164852.0 | ||
| 008 | 008 250505s9999 xx 000 0 hin d | ||
| 037 | _aDissertations | ||
| 040 |
_aFEDL _beng _cFEDL |
||
| 041 |
_ahin _2eng |
||
| 084 |
_a370.7, RAN/DI _qFEDL |
||
| 100 |
_aRana Neetu _9779380 |
||
| 245 | 0 | _aPrashikshan avam adhigum: Shiksha ka sanderbh jaisa ki shiksha ke pratham degree steriya upaadhidharako ke dwara samjha gaya | |
| 260 | _c2005 | ||
| 300 | _a150p. | ||
| 546 | _aM. Ed. Dissertation (Delhi University) | ||
| 942 |
_cDIS _h370.7, RAN/DI |
||
| 999 |
_c1391699 _d1391699 |
||